000 00370nam a2200157Ia 4500
003 Ost
005 20260225132548.0
008 260225s9999||||xx |||||||||||||| ||und||
040 _cfsic
041 _afre
082 _a440
100 _aAli haroun
_eAuteur
245 0 _aLa 7eme wilaya-la gerre du FLN en france1954-1962 /
245 0 _cAli haroun
942 _cكتاب
999 _c33943
_d33943